000 00438nam a2200157Ia 4500
008 180921t2017 xxu||||| |||| 00| 0 eng d
041 _aeng
080 _a33
_bYAP
100 _aYapa, Lioyd
245 _aExport Competiveness and Pverty Alleriation in South Asia With Special reference to Sri Lanka
260 _bGodage
_aColombo
_c2017
300 _b362p, 22Cm
942 _cBK
999 _c6494
_d6494
003 LK-CoDNM
040 _aLK-CoDNM
_dLK-CoDNM
_eLK-CoDNM